Biggest City by Letter - Florida - Statistics

General Stats
  • This quiz has been taken 33 times
  • The average score is 11 of 25
Answer Stats
Letter Population City % Correct
J 890,467 Jacksonville
100%
M 454,279 Miami
100%
O 280,832 Orlando
100%
T 387,916 Tampa
100%
F 180,124 Fort Lauderdale
91%
S 261,338 St. Petersburg
84%
H 234,539 Hialeah
72%
C 183,942 Cape Coral
66%
G 132,127 Gainesville
66%
W 109,767 West Palm Beach
66%
P 189,396 Port St. Lucie
53%
D 104,399 Davie
28%
Z 15,573 Zephyrhills
25%
N 66,410 North Port
22%
B 115,911 Brandon
16%
I 26,597 Immokalee
16%
Q 7,334 Quincy
13%
A 91,068 Alafaya
9%
K 75,312 Kendall
9%
L 123,378 Lehigh Acres
9%
Y 12,754 Yulee
9%
E 37,704 Egypt Lake
6%
R 95,338 Riverview
6%
U 48,436 University
6%
V 37,980 Valrico
3%
No matching quizzes found
Score Distribution
Percent of People with Each Score
Percentile by Number Answered
Your Score History
You have not taken this quiz